Case-law concerning article 10 of the European Convention on Human Rights forty years of case-law 1959-1999

Na minha lista:
Detalhes bibliográficos
Formato: Livro
Idioma:inglês
Publicado em: Strasbourg Directorate of Human Rights 1999
Assuntos:
Tags: Adicionar Tag
Sem tags, seja o primeiro a adicionar uma tag!

MARC

LEADER 00000nam a2200000 4500
001 c117174
005 20221221084151.9
041 0 |a eng 
044 |a FR 
245 1 0 |a Case-law concerning article 10 of the European Convention on Human Rights  |b forty years of case-law 1959-1999 
264 1 |a Strasbourg  |b Directorate of Human Rights  |c 1999 
300 |a 45 s. 
610 2 0 |a práva ľudské 
610 2 0 |a konvencie 
610 2 0 |a Európa 
610 2 0 |a štúdie prípadové 
610 2 0 |a 1959-1999